[Event "Titled Tue 20th May Late"]
[Site "chess.com INT"]
[Date "2025.05.20"]
[Round "6"]
[White "Novosel, Lovro"]
[Black "Logozar, Elijah"]
[Result "0-1"]
[WhiteTitle "FM"]
[WhiteElo "2346"]
[BlackElo "1945"]
[WhiteFideId "14547120"]
[BlackFideId "30963788"]
[EventDate "2025.05.20"]

1. Nf3 d5 2. c4 c6 3. d4 Nf6 4. Nc3 e6 5. Bg5 dxc4 6. e4 b5 7. e5 h6 8. Bh4 g5
9. Nxg5 hxg5 10. Bxg5 Nbd7 11. Qf3 Qb6 12. Bxf6 Nxf6 13. Qxf6 Rg8 14. Rd1 Be7
15. Qf4 Bb7 16. h4 O-O-O 17. Qxf7 Bb4 18. Qxe6+ Kb8 19. a3 Ba5 20. Rh3 Bc8 21.
Qh6 Bxh3 22. gxh3 Rxd4 23. f4 Rgd8 24. Rxd4 Qxd4 25. Ke2 Bxc3 26. bxc3 Qd1+ 27.
Kf2 Rd2+ 28. Kg3 Qxf1 29. Qf8+ Kc7 30. Qe7+ Rd7 31. Qc5 Rg7+ 32. Kh2 Qg2# 0-1

[Event "Titled Tue 20th May Late"]
[Site "chess.com INT"]
[Date "2025.05.20"]
[Round "6"]
[White "Skramstad, Oda Kofoed"]
[Black "Tkachenko, Erik"]
[Result "0-1"]
[WhiteTitle "WCM"]
[WhiteElo "1898"]
[BlackElo "2028"]
[WhiteFideId "1564862"]
[BlackFideId "30902967"]
[EventDate "2025.05.20"]

1. e4 c5 2. Nf3 e6 3. d4 cxd4 4. Nxd4 Nf6 5. Nc3 Nc6 6. Be3 Bb4 7. Nxc6 bxc6 8.
Bd3 d5 9. exd5 exd5 10. a3 Bd6 11. O-O Ng4 12. h3 Nxe3 13. fxe3 Qg5 14. Qf3 O-O
15. Ne2 Bd7 16. Nd4 Rae8 17. Rae1 g6 18. b4 c5 19. bxc5 Bxc5 20. Kh1 Bxa3 21. e4
Bb4 22. Rb1 Bc5 23. Nb3 dxe4 24. Bxe4 Bd6 25. Rbd1 Qe5 26. g3 Bxh3 27. Rfe1 Qxg3
28. Qxg3 Bxg3 29. Rd3 Bxe1 0-1

[Event "Titled Tue 20th May Late"]
[Site "chess.com INT"]
[Date "2025.05.20"]
[Round "6"]
[White "Roberson, Peter T"]
[Black "Plat, Vojtech"]
[Result "0-1"]
[WhiteTitle "IM"]
[BlackTitle "GM"]
[WhiteElo "2440"]
[BlackElo "2482"]
[WhiteFideId "412384"]
[BlackFideId "325740"]
[EventDate "2025.05.20"]

1. d4 d6 2. g3 Nf6 3. Bg2 g6 4. e4 Bg7 5. Ne2 O-O 6. O-O e5 7. Nbc3 Nc6 8. d5
Ne7 9. a4 Nh5 10. a5 f5 11. b4 fxe4 12. Nxe4 Nf6 13. Nxf6+ Bxf6 14. c4 Nf5 15.
Nc3 Bg7 16. Ne4 Nd4 17. Be3 Bf5 18. c5 Qe7 19. Rc1 Rad8 20. cxd6 cxd6 21. Re1
Qd7 22. Bxd4 exd4 23. Ng5 Bh6 24. Ne6 Bxc1 25. Nxf8 Rxf8 26. Qxc1 Qc8 27. Qh6
Re8 28. Rc1 Qc3 29. Rxc3 Re1+ 30. Bf1 dxc3 31. g4 c2 32. gxf5 c1=Q 33. Qh3 Qg5+ 0-1

[Event "Titled Tue 20th May Late"]
[Site "chess.com INT"]
[Date "2025.05.20"]
[Round "6"]
[White "Martinez Alcantara, Jose Eduardo"]
[Black "Drozdowski, Kacper"]
[Result "1-0"]
[WhiteTitle "GM"]
[BlackTitle "IM"]
[WhiteElo "2611"]
[BlackElo "2450"]
[WhiteFideId "3805662"]
[BlackFideId "1136720"]
[EventDate "2025.05.20"]

1. c4 Nf6 2. g3 e6 3. Bg2 d5 4. Nf3 dxc4 5. O-O Be7 6. Qa4+ Bd7 7. Qxc4 Bc6 8.
d3 O-O 9. Qc2 Nbd7 10. Rd1 h6 11. Nc3 a5 12. d4 Nd5 13. e4 Nxc3 14. bxc3 b5 15.
d5 exd5 16. Nd4 Bb7 17. exd5 Bc5 18. Nxb5 Nf6 19. Ba3 Bxa3 20. Nxa3 Qd6 21. Nb5
Qc5 22. c4 c6 23. Nd6 Rab8 24. Nxb7 Rxb7 25. dxc6 Rb4 26. Rac1 Rfb8 27. Rd2 g6
28. Bf3 h5 29. Kg2 h4 30. Bd5 Kg7 31. Qc3 Rh8 32. h3 hxg3 33. fxg3 Qe7 34. Rf1
Rh5 35. c7 Rxd5 36. Rxd5 Qe4+ 37. Kg1 1-0

[Event "Titled Tue 20th May Late"]
[Site "chess.com INT"]
[Date "2025.05.20"]
[Round "6"]
[White "Barrientos, Ernesto"]
[Black "Onur, Cigdem"]
[Result "1-0"]
[WhiteTitle "CM"]
[BlackTitle "WCM"]
[WhiteElo "2027"]
[BlackElo "1966"]
[WhiteFideId "3701247"]
[BlackFideId "6346030"]
[EventDate "2025.05.20"]

1. e4 c5 2. Nf3 Nc6 3. d4 cxd4 4. Nxd4 Nf6 5. Nc3 e5 6. Ndb5 d6 7. Bg5 a6 8. Na3
b5 9. Nd5 Be7 10. Bxf6 Bxf6 11. c3 Bg5 12. Nc2 O-O 13. a4 bxa4 14. Rxa4 a5 15.
Bc4 Rb8 16. b3 Kh8 17. O-O Ne7 18. Nce3 Bxe3 19. Nxe3 f5 20. exf5 Nxf5 21. Nxf5
Rxf5 22. Qd5 Bb7 23. Qxa5 Qg5 24. Bd5 Rbf8 25. Bxb7 Rxf2 26. Bf3 Rxf1+ 27. Kxf1
Qc1+ 28. Kf2 Qc2+ 29. Kg3 Qxb3 30. Qb4 1-0

[Event "Titled Tue 20th May Late"]
[Site "chess.com INT"]
[Date "2025.05.20"]
[Round "6"]
[White "Nielsen-Refs, Karl-Emil Elmer"]
[Black "Myagmarsuren, Evsuld"]
[Result "0-1"]
[WhiteTitle "CM"]
[BlackTitle "FM"]
[WhiteElo "2095"]
[BlackElo "2292"]
[WhiteFideId "1452797"]
[BlackFideId "1551639"]
[EventDate "2025.05.20"]

1. d4 Nf6 2. c4 c5 3. d5 e6 4. Nc3 exd5 5. Nxd5 Nxd5 6. cxd5 d6 7. g3 g6 8. Bg2
Bg7 9. Nf3 O-O 10. O-O Re8 11. Qb3 Nd7 12. Bf4 Nf6 13. Rfe1 h6 14. Rad1 a6 15.
a4 b5 16. Nd2 g5 17. Be3 Ng4 18. Ne4 Nxe3 19. fxe3 Bf5 20. Nc3 Rxe3 21. axb5
axb5 22. Qxb5 Rb8 23. Qc6 Rxb2 24. Nb5 Qb8 25. Rf1 Rexe2 26. Bh1 Bh3 27. Rxf7
Kxf7 28. Nxd6+ Qxd6 29. Qxd6 Bd4+ 30. Rxd4 Re1# 0-1

[Event "Titled Tue 20th May Late"]
[Site "chess.com INT"]
[Date "2025.05.20"]
[Round "6"]
[White "Carlsen, Magnus"]
[Black "Le, Quang Liem"]
[Result "1-0"]
[WhiteTitle "GM"]
[BlackTitle "GM"]
[WhiteElo "2837"]
[BlackElo "2729"]
[WhiteFideId "1503014"]
[BlackFideId "12401137"]
[EventDate "2025.05.20"]

1. Nf3 d5 2. g3 Nf6 3. Bg2 e6 4. O-O Be7 5. d3 O-O 6. a4 c5 7. e4 Nc6 8. Bf4
dxe4 9. dxe4 Nxe4 10. Ne5 Nxe5 11. Bxe5 Nf6 12. Nc3 Qa5 13. Qe2 Bd7 14. Bxb7
Rad8 15. Rfd1 Qb6 16. Bf3 Bc6 17. a5 Qb7 18. a6 Qa8 19. Kg2 h6 20. Bxc6 Qxc6+
21. Qf3 Nd5 22. Nxd5 exd5 23. c4 Qe6 24. Rxd5 Rxd5 25. Qxd5 Qc8 26. Qb7 Qe6 27.
Bc3 Bf6 28. Bxf6 Qxf6 29. Qxa7 Qxb2 30. Re1 Qc3 31. Re4 Qd3 32. Qb7 f5 33. Re7 1-0

[Event "Titled Tue 20th May Late"]
[Site "chess.com INT"]
[Date "2025.05.20"]
[Round "6"]
[White "Vykouk, Jan"]
[Black "Salinas Herrera, Pablo"]
[Result "1-0"]
[WhiteTitle "IM"]
[BlackTitle "GM"]
[WhiteElo "2496"]
[BlackElo "2447"]
[WhiteFideId "349658"]
[BlackFideId "3407128"]
[EventDate "2025.05.20"]

1. e4 c5 2. Nf3 e6 3. d4 cxd4 4. Nxd4 a6 5. c4 Qc7 6. Nc3 Nf6 7. a3 b6 8. f4 d6
9. Bd3 Bb7 10. O-O Nbd7 11. Be3 h5 12. f5 e5 13. Nf3 Ng4 14. Qe2 Nxe3 15. Qxe3
d5 16. Qe2 Bc5+ 17. Kh1 dxe4 18. Bxe4 O-O 19. Bxb7 Qxb7 20. Nd5 Rfe8 21. b4 Bf8
22. Ng5 Nf6 23. Nxf6+ gxf6 24. Qxh5 fxg5 25. Qxg5+ Kh8 26. Rf3 Qxf3 27. gxf3 Kh7
28. Qh5+ Bh6 29. Qxf7+ Kh8 30. Rg1 Rg8 31. Qf6+ Kh7 32. Rg6 Bf4 33. Qh4+ 1-0

[Event "Titled Tue 20th May Late"]
[Site "chess.com INT"]
[Date "2025.05.20"]
[Round "6"]
[White "Pavlidou, Ekaterini"]
[Black "Shafer, Logan C"]
[Result "1-0"]
[WhiteTitle "WIM"]
[BlackTitle "CM"]
[WhiteElo "2198"]
[BlackElo "2291"]
[WhiteFideId "4213262"]
[BlackFideId "30993342"]
[EventDate "2025.05.20"]

1. d4 Nf6 2. c4 e6 3. Nc3 Bb4 4. a3 Bxc3+ 5. bxc3 d6 6. e3 O-O 7. Bd3 c5 8. f3
b6 9. e4 e5 10. d5 Ba6 11. Ne2 Nbd7 12. Ng3 g6 13. Bh6 Re8 14. h4 Rb8 15. a4 Re7
16. Qd2 Ne8 17. h5 f6 18. hxg6 hxg6 19. Rh2 Rh7 20. Kf2 Bc8 21. Rah1 Rb7 22. Nf1
Nb8 23. Ne3 Rbe7 24. g4 g5 25. Ke1 Bd7 26. Rh3 Ref7 27. Qh2 Qe7 28. Bc2 Nc7 29.
Rh5 Qe8 30. Bxg5 Rxh5 31. Qxh5 Kf8 32. Bh6+ Ke7 33. Nf5+ Bxf5 34. Qxf5 Qd7 35.
g5 Qxf5 36. exf5 fxg5 37. Bxg5+ Kd7 38. Rh8 Ne8 39. f6 Nxf6 40. Rxb8 Kc7 41. Ra8
Nd7 42. Be4 Nb8 43. Rxa7+ 1-0

[Event "Titled Tue 20th May Late"]
[Site "chess.com INT"]
[Date "2025.05.20"]
[Round "6"]
[White "Sitbon, Itay"]
[Black "Grzesik, Gracjan"]
[Result "1-0"]
[BlackTitle "CM"]
[WhiteElo "2192"]
[BlackElo "2175"]
[WhiteFideId "2820706"]
[BlackFideId "1194593"]
[EventDate "2025.05.20"]

1. e4 c5 2. d4 cxd4 3. c3 d3 4. Bxd3 Nc6 5. Nf3 g6 6. O-O Bg7 7. Qe2 d6 8. Rd1
Bg4 9. h3 Bxf3 10. Qxf3 Nf6 11. Qe2 O-O 12. Nd2 a6 13. Nf3 Qc7 14. Bf4 Nd7 15.
Rac1 h6 16. Bb1 b5 17. Qd2 Kh7 18. Nd4 Na5 19. Bg3 Nc4 20. Qe2 Rac8 21. f4 e5
22. Nf3 exf4 23. Bxf4 Nde5 24. Kh2 Qb6 25. Nd4 b4 26. b3 Na3 27. c4 Nxb1 28.
Rxb1 a5 29. Be3 Qb7 30. Bg1 a4 31. Nb5 Qa6 32. Rxd6 Rc6 33. Rbd1 Rfc8 34. Rxc6
Qxc6 35. Rd6 Qb7 36. Kh1 axb3 37. axb3 Qa8 38. Rd1 Qb7 39. Nd6 Qb8 40. Nxc8 Qxc8
41. Bh2 Nc6 42. Qd2 Nd4 43. Qd3 Qa6 44. Bg1 Ne6 45. c5 Qa2 46. c6 Nf4 47. Qd2
Qxd2 48. Rxd2 Be5 49. Rd7 Kg8 50. c7 1-0

[Event "Titled Tue 20th May Late"]
[Site "chess.com INT"]
[Date "2025.05.20"]
[Round "6"]
[White "Jacobsen, Mikkel Manosri"]
[Black "Vlassov, Nikolai"]
[Result "1-0"]
[WhiteTitle "FM"]
[BlackTitle "IM"]
[WhiteElo "2223"]
[BlackElo "2291"]
[WhiteFideId "1444514"]
[BlackFideId "4103360"]
[EventDate "2025.05.20"]

1. d4 Nf6 2. Nf3 g6 3. Bf4 Bg7 4. c3 O-O 5. Nbd2 d6 6. e4 Nc6 7. Be2 e5 8. dxe5
dxe5 9. Nxe5 Nxe5 10. Bxe5 Qe7 11. f4 Rd8 12. Qc2 Bg4 13. Bxf6 Qxf6 14. Bxg4
Qh4+ 15. g3 Qxg4 16. O-O h5 17. Nf3 Rd7 18. Rad1 Rad8 19. Rxd7 Rxd7 20. Kg2 Qe6
21. a3 Qd6 22. e5 Qd5 23. Re1 h4 24. Qe4 Qb3 25. Re2 hxg3 26. hxg3 Bf8 27. Nd4
Qc4 28. e6 Re7 29. f5 c5 30. f6 Rxe6 31. Nxe6 Qxe4+ 32. Rxe4 fxe6 33. g4 g5 34.
Rxe6 Kf7 35. Re5 Kxf6 36. Rf5+ Ke7 37. Rxg5 b6 38. Rf5 Bg7 39. Kf3 Ke6 40. Ke4 1-0

[Event "Titled Tue 20th May Late"]
[Site "chess.com INT"]
[Date "2025.05.20"]
[Round "6"]
[White "Mafra, Kaiser Luiz"]
[Black "Kjaergaard-Jensen, Jesper"]
[Result "1-0"]
[WhiteTitle "CM"]
[BlackTitle "CM"]
[WhiteElo "2094"]
[BlackElo "2081"]
[WhiteFideId "2106698"]
[BlackFideId "1406990"]
[EventDate "2025.05.20"]

1. d4 Nf6 2. Nc3 d6 3. Bf4 Nbd7 4. e3 e5 5. dxe5 dxe5 6. Bg3 Bb4 7. Ne2 Ne4 8.
Qd3 Nxg3 9. hxg3 Bxc3+ 10. Nxc3 Nf6 11. Qxd8+ Kxd8 12. O-O-O+ Ke7 13. Bc4 c6 14.
Bb3 Ng4 15. Rd2 Nf6 16. f3 Be6 17. Bxe6 Kxe6 18. g4 Nd5 19. Nxd5 cxd5 20. c3
Rac8 21. Rh5 g6 22. Rh6 Rc5 23. g3 Kf6 24. Rdh2 Kg7 25. g5 d4 26. exd4 exd4 27.
Kd2 dxc3+ 28. bxc3 Rxg5 29. g4 Ra5 30. Kd3 f6 31. Kc4 Rc8+ 32. Kb4 Rac5 33.
Rxh7+ Kf8 34. Rh8+ Ke7 35. R2h7+ Ke6 36. Rxc8 Rxc8 37. Rxb7 a5+ 38. Kb3 Rc5 39.
c4 Ke5 40. Rb5 Kd4 41. Rxc5 Kxc5 42. Kc3 f5 43. gxf5 gxf5 44. f4 a4 45. a3 Kc6
46. Kb4 Kb6 47. Kxa4 Kc5 48. Kb3 Kd4 49. Kb4 Ke4 50. c5 Kxf4 51. c6 Ke4 52. c7
f4 53. c8=Q f3 54. Qc1 f2 55. Qf1 1-0

[Event "Titled Tue 20th May Late"]
[Site "chess.com INT"]
[Date "2025.05.20"]
[Round "6"]
[White "Sobek, Jaroslav"]
[Black "Bhatia, Kanishka"]
[Result "0-1"]
[WhiteTitle "FM"]
[BlackTitle "WCM"]
[WhiteElo "2195"]
[BlackElo "1979"]
[WhiteFideId "301388"]
[BlackFideId "2410095"]
[EventDate "2025.05.20"]

1. d4 Nf6 2. c4 e6 3. Bf4 b6 4. a3 a5 5. Nc3 Bb7 6. Qc2 Be7 7. e4 d5 8. Bd3 dxe4
9. Nxe4 Nxe4 10. Bxe4 Bxe4 11. Qxe4 Nd7 12. Nf3 O-O 13. Qc6 Rc8 14. O-O Nb8 15.
Qb7 h6 16. Rfd1 Bd6 17. Ne5 Qf6 18. Bg3 Rfd8 19. Rac1 Qe7 20. h3 Bxe5 21. Bxe5
Qd7 22. Kh2 Nc6 23. Qa6 Nxe5 24. dxe5 Qc6 25. Qb5 Qe4 26. f3 Qf4+ 27. Kh1 Rd2
28. Rxd2 Qxd2 29. Rg1 Qd4 30. b4 axb4 31. axb4 Rd8 32. Kh2 Qf4+ 33. Kh1 Rd3 34.
Qe8+ Kh7 35. Qe7 Qf5 36. Qxc7 Rxf3 37. Qxb6 Rxh3+ 0-1

[Event "Titled Tue 20th May Late"]
[Site "chess.com INT"]
[Date "2025.05.20"]
[Round "6"]
[White "Shandrygin, Nikita"]
[Black "Mizzi, Jack"]
[Result "0-1"]
[WhiteTitle "FM"]
[BlackTitle "CM"]
[WhiteElo "2209"]
[BlackElo "2086"]
[WhiteFideId "24198668"]
[BlackFideId "5602521"]
[EventDate "2025.05.20"]

1. e4 c6 2. d4 d5 3. f3 Qb6 4. Nc3 e6 5. Be3 Qxb2 6. Nge2 Bb4 7. Bd2 Qa3 8. Rb1
Bxc3 9. Nxc3 Nd7 10. Bd3 Qd6 11. O-O Ne7 12. Qe1 dxe4 13. Nxe4 Qxd4+ 14. Be3 Qe5
15. f4 Qc7 16. Bd4 Nf5 17. Ba1 O-O 18. g4 Ne7 19. f5 exf5 20. gxf5 Nd5 21. f6
Re8 22. fxg7 f5 23. Qh4 fxe4 24. Bxe4 N7f6 25. Bxf6 Rxe4 26. Ba1 Bf5 27. Qh5
Rg4+ 28. Kh1 Be4+ 0-1

[Event "Titled Tue 20th May Late"]
[Site "chess.com INT"]
[Date "2025.05.20"]
[Round "6"]
[White "Gurevich, Dmitry"]
[Black "Zanette, Edgard Vinicius"]
[Result "1/2-1/2"]
[WhiteTitle "GM"]
[WhiteElo "2347"]
[BlackElo "2041"]
[WhiteFideId "2000407"]
[BlackFideId "2109263"]
[EventDate "2025.05.20"]

1. d4 Nf6 2. c4 e6 3. Nc3 Bb4 4. e3 O-O 5. Bd3 Bxc3+ 6. bxc3 d6 7. Ne2 e5 8. e4
c5 9. f3 Nc6 10. Be3 b6 11. O-O Ba6 12. Ng3 cxd4 13. cxd4 exd4 14. Bf2 Rc8 15.
Rc1 Re8 16. Nf5 g6 17. Nxd4 Ne5 18. Nb5 Bxb5 19. cxb5 Rxc1 20. Qxc1 Nxd3 21. Qc6
Nxf2 22. Rxf2 Qd7 23. Rd2 Qxc6 24. bxc6 Kf8 25. Rxd6 Ke7 26. e5 Nh5 27. Rd7+ Ke6
28. Rxa7 Rc8 29. c7 Kd7 30. Ra4 Rxc7 31. g4 Ng7 32. Kg2 g5 33. h4 h6 34. hxg5
hxg5 35. Rd4+ Ke7 36. Rd6 Rb7 37. f4 gxf4 38. Kf3 Ne6 39. a4 Nc5 40. Kxf4 Nxa4
41. g5 Nc5 42. g6 Ne6+ 43. Kf5 fxg6+ 44. Kxg6 b5 45. Kf5 Nc7 46. Rh6 b4 47. Rh7+
Kd8 48. e6 Rb5+ 49. Kf6 Nd5+ 50. Ke5 Ne7+ 51. Kd4 b3 52. Rh1 b2 53. Rb1 Kc7 54.
Kc4 Rb6 55. Kc5 Nc6 56. Kc4 Kd6 57. Kc3 Ne5 58. Rxb2 Rxb2 59. Kxb2 Kxe6 1/2-1/2

[Event "Titled Tue 20th May Late"]
[Site "chess.com INT"]
[Date "2025.05.20"]
[Round "6"]
[White "Eames, Robert S"]
[Black "Rees, Ioan"]
[Result "0-1"]
[WhiteTitle "FM"]
[BlackTitle "FM"]
[WhiteElo "2136"]
[BlackElo "2288"]
[WhiteFideId "408743"]
[BlackFideId "1801236"]
[EventDate "2025.05.20"]

1. e4 e5 2. Nf3 Nc6 3. Bc4 Nf6 4. Ng5 d5 5. exd5 Na5 6. Bb5+ Bd7 7. Qe2 Be7 8.
Nc3 Bxb5 9. Qxb5+ c6 10. dxc6 Nxc6 11. Nge4 O-O 12. Nxf6+ Bxf6 13. O-O Nd4 14.
Qd3 Rc8 15. b3 Re8 16. Re1 b5 17. a3 a5 18. b4 axb4 19. axb4 e4 20. Rxe4 Nxc2
21. Qxc2 Rxe4 22. Qxe4 Bxc3 23. Rb1 Bxd2 24. Bxd2 Qxd2 25. g3 h6 26. Qb7 Rc2 27.
Qa8+ Kh7 28. Qe4+ g6 29. Qf3 Kg7 30. Rd1 Qxb4 31. Rd7 Qc4 32. Kg2 Rc1 33. Rd1
Rxd1 34. Qxd1 b4 35. Qa1+ Qc3 0-1

[Event "Titled Tue 20th May Late"]
[Site "chess.com INT"]
[Date "2025.05.20"]
[Round "6"]
[White "Mishra, Abhimanyu"]
[Black "Rustemov, Alexander"]
[Result "1-0"]
[WhiteTitle "GM"]
[BlackTitle "GM"]
[WhiteElo "2605"]
[BlackElo "2525"]
[WhiteFideId "30920019"]
[BlackFideId "4119002"]
[EventDate "2025.05.20"]

1. Nf3 d5 2. c4 d4 3. g3 c5 4. Bg2 Nc6 5. O-O e5 6. d3 Bd6 7. e3 Nge7 8. exd4
exd4 9. Nbd2 b6 10. b4 Rb8 11. b5 Ne5 12. Nxe5 Bxe5 13. Re1 Bd6 14. Ne4 Bc7 15.
a4 O-O 16. a5 Ng6 17. axb6 axb6 18. Ra7 h6 19. h4 Ne5 20. Bf4 Re8 21. Nd2 Bf5
22. Bd5 Bxd3 23. Bxe5 Rxe5 24. Rxe5 Bxe5 25. Nf3 Bxg3 26. Qxd3 Bc7 27. Qf5 Kh8
28. Qxf7 Rc8 29. Be6 Qe8 30. Rxc7 Qxf7 31. Rxc8+ 1-0

[Event "Titled Tue 20th May Late"]
[Site "chess.com INT"]
[Date "2025.05.20"]
[Round "6"]
[White "Harsha, Bharathakoti"]
[Black "Fishbein, Alexander"]
[Result "1-0"]
[WhiteTitle "GM"]
[BlackTitle "GM"]
[WhiteElo "2532"]
[BlackElo "2377"]
[WhiteFideId "5078776"]
[BlackFideId "2000377"]
[EventDate "2025.05.20"]

1. Nf3 Nf6 2. c4 g6 3. Nc3 Bg7 4. e4 d6 5. d4 O-O 6. Be2 e5 7. Be3 Qe7 8. O-O
exd4 9. Nxd4 Nxe4 10. Nxe4 Qxe4 11. Bf3 Qe7 12. Re1 Qd8 13. Qd2 Nd7 14. Bg5 Bf6
15. Bh6 Bg7 16. Bxg7 Kxg7 17. Qc3 Kg8 18. Rad1 a6 19. b4 Qf6 20. c5 dxc5 21.
bxc5 Ne5 22. Bd5 c6 23. Bb3 Ng4 24. Qd2 Qh4 25. h3 Nf6 26. Nf3 Qh5 27. Re5 Bf5
28. Qf4 Rfe8 29. Rd6 Nd5 30. Bxd5 cxd5 31. g4 Qxh3 32. gxf5 Rxe5 33. Nxe5 Re8
34. fxg6 f5 35. Qg5 h6 36. Qf6 Rf8 37. Rd8 1-0

[Event "Titled Tue 20th May Late"]
[Site "chess.com INT"]
[Date "2025.05.20"]
[Round "6"]
[White "Tsydypov, Zhamsaran"]
[Black "Wang, Justin Zhide"]
[Result "0-1"]
[WhiteTitle "GM"]
[WhiteElo "2514"]
[BlackElo "2007"]
[WhiteFideId "4108566"]
[BlackFideId "4312830"]
[EventDate "2025.05.20"]

1. c4 e6 2. Nf3 b6 3. g3 Bb7 4. Bg2 Nf6 5. O-O Be7 6. d4 O-O 7. d5 exd5 8. Nh4
c6 9. cxd5 Nxd5 10. Nf5 Nc7 11. e4 d5 12. Nc3 Bf6 13. Qg4 Bc8 14. exd5 cxd5 15.
Rd1 Be6 16. Qf3 Nc6 17. Bf4 Ne5 18. Bxe5 Bxe5 19. Ne3 Bxc3 20. bxc3 Qe7 21. Qf4
Rad8 22. h4 Rfe8 23. h5 h6 24. a4 Qd6 25. Qf3 Qe5 26. Rd4 Na6 27. Rad1 Nc5 28.
c4 Nb3 29. Rxd5 Bxd5 30. cxd5 Nc5 31. Qg4 Qg5 32. Qxg5 hxg5 33. Rd4 Re5 34. g4
Nb7 35. Nc4 Re1+ 36. Kh2 Nd6 37. Ne3 Rb1 38. Kg3 Rc8 39. a5 bxa5 40. Ra4 Rc5 41.
Bf1 Rb4 42. Ra3 a4 43. Be2 a5 44. Bd1 Nb5 45. Rd3 Rc3 46. Rd2 Nd6 47. Kg2 a3 48.
Ra2 Rb2 49. Ra1 Rxe3 0-1

[Event "Titled Tue 20th May Late"]
[Site "chess.com INT"]
[Date "2025.05.20"]
[Round "6"]
[White "Harish, Neeraj"]
[Black "Buchenau, Frank"]
[Result "0-1"]
[WhiteTitle "CM"]
[BlackTitle "FM"]
[WhiteElo "2192"]
[BlackElo "2190"]
[WhiteFideId "30958130"]
[BlackFideId "4604350"]
[EventDate "2025.05.20"]

1. c4 e5 2. g3 Nf6 3. Bg2 c6 4. Nf3 e4 5. Nd4 d5 6. cxd5 Qxd5 7. Nc2 Qh5 8. Nc3
Bh3 9. Bxh3 Qxh3 10. Ne3 Bc5 11. Qc2 Qe6 12. b3 Na6 13. a3 O-O 14. Bb2 Rad8 15.
b4 Bd4 16. Na4 Bxb2 17. Nxb2 Nc7 18. O-O Nb5 19. Na4 Nd4 20. Qd1 Nb3 21. Ra2 b5
22. Nc3 a5 23. bxa5 Nxa5 24. Qc2 Rd4 25. Ng2 Rfd8 26. Nf4 Qd7 27. Rd1 g5 28. Ng2
Qh3 29. Ne3 Nc4 30. Nxc4 Ng4 31. Nxe4 Qxh2+ 0-1

[Event "Titled Tue 20th May Late"]
[Site "chess.com INT"]
[Date "2025.05.20"]
[Round "6"]
[White "Medina Paz, Miguel"]
[Black "Jimenez Salas, Maria Teresa"]
[Result "1-0"]
[WhiteTitle "IM"]
[BlackTitle "WIM"]
[WhiteElo "2368"]
[BlackElo "2137"]
[WhiteFideId "7300379"]
[BlackFideId "3843866"]
[EventDate "2025.05.20"]

1. d4 d5 2. c4 c6 3. cxd5 cxd5 4. Nc3 Nc6 5. Nf3 Nf6 6. Bf4 a6 7. Rc1 Nh5 8. Bg3
e5 9. Nxe5 Nxg3 10. Nxc6 bxc6 11. hxg3 Qb6 12. Qd2 Rb8 13. b3 g6 14. e3 Bg7 15.
Na4 Qc7 16. Bd3 O-O 17. O-O Re8 18. Rc5 Bf8 19. Rc2 Bb4 20. Qe2 Bb7 21. Bxa6
Bxa6 22. Qxa6 Re6 23. Rfc1 Rc8 24. Nc5 Rf6 25. a3 Bxc5 26. Rxc5 Qd7 27. b4 Rc7
28. R1c2 Kg7 29. b5 Ra7 30. bxc6 Qg4 31. Qe2 Qc8 32. R2c3 Ra6 33. c7 Ra7 34. Qb2
Rfa6 35. Qb8 Ra8 36. Qxc8 Rxc8 37. Rxd5 Ra7 38. Rdc5 Kf6 39. Rc6+ Ke7 40. d5 Kd7
41. e4 Ra4 42. f3 f5 43. e5 f4 44. e6+ Ke7 45. Rd3 Kf6 46. d6 Ra7 47. d7 Raxc7
48. Rxc7 Rxc7 49. d8=Q+ Re7 50. Qf8+ Kxe6 51. gxf4 Rf7 52. Re3+ Kf6 53. Qd6+ Kg7
54. Re7 Rxe7 55. Qxe7+ Kh6 56. g4 g5 57. Qf6# 1-0

[Event "Titled Tue 20th May Late"]
[Site "chess.com INT"]
[Date "2025.05.20"]
[Round "6"]
[White "McDonald, Jhustice-Dimonte"]
[Black "Lugo, Blas"]
[Result "0-1"]
[WhiteTitle "CM"]
[BlackTitle "IM"]
[WhiteElo "2032"]
[BlackElo "2399"]
[WhiteFideId "7402481"]
[BlackFideId "2011263"]
[EventDate "2025.05.20"]

1. d4 d5 2. c4 c6 3. Nc3 e5 4. cxd5 cxd5 5. e4 exd4 6. Qxd4 Nc6 7. Qxd5 Be6 8.
Qxd8+ Rxd8 9. Bb5 Bb4 10. Nf3 Nf6 11. Bg5 O-O 12. O-O Bxc3 13. bxc3 Rd7 14. Bxf6
gxf6 15. Nd4 Nxd4 16. cxd4 Rxd4 17. f3 Rc8 18. Rac1 Rxc1 19. Rxc1 Rb4 20. Bf1
Bxa2 21. h4 a5 22. h5 Kg7 23. Bd3 b5 24. Rc5 a4 25. Bxb5 a3 26. Rc3 Bb3 27. Bf1
a2 28. Rc1 Bc2 29. Ra1 Rb2 30. Kh2 Kf8 31. Bc4 Bb1 32. Kg3 h6 33. f4 Ke7 34. Kf3
Rc2 35. Bb3 Rc3+ 36. Kg4 Rxb3 37. Kf5 Rb5+ 38. Kg4 Rb2 39. Kf5 Re2 40. Kg4 Rxe4 0-1

[Event "Titled Tue 20th May Late"]
[Site "chess.com INT"]
[Date "2025.05.20"]
[Round "6"]
[White "Gelman, Alexander"]
[Black "Goltsev, Dmitry"]
[Result "1-0"]
[WhiteTitle "IM"]
[BlackTitle "FM"]
[WhiteElo "2403"]
[BlackElo "2183"]
[WhiteFideId "4118316"]
[BlackFideId "24176710"]
[EventDate "2025.05.20"]

1. d4 e6 2. Nc3 d5 3. Bf4 a6 4. e3 Nf6 5. g4 c5 6. g5 Ne4 7. Nxe4 dxe4 8. Bg2
cxd4 9. Qxd4 Qa5+ 10. c3 Be7 11. h4 f5 12. Qxg7 Rf8 13. Qxh7 e5 14. Bh2 Ba3 15.
Qg6+ Rf7 16. Rd1 Bxb2 17. Ne2 Bxc3+ 18. Kf1 Bd7 19. h5 Nc6 20. Rxd7 Kxd7 21.
Qxf7+ Kd6 22. Qxf5 Qxa2 23. Bxe4 Bb4 24. Ng3 Kc7 25. Bxc6 bxc6 26. Qxe5+ Kb7 27.
Kg2 Rf8 28. Ne4 Qe2 29. Qc7+ Ka8 30. Qxc6+ Ka7 31. Qc7+ Ka8 32. Qc6+ Ka7 33.
Qd7+ Ka8 34. Qd5+ Ka7 35. Qd4+ Ka8 36. Rd1 Qf3+ 37. Kg1 Qg4+ 38. Bg3 Qxh5 39.
Rb1 Rh8 40. Qd5+ Ka7 41. Qd7+ Ka8 42. Qc6+ Ka7 43. Nc5 Rh7 44. Qxa6# 1-0